Ruch prawniczy, ekonomiczny i socjologiczny

Gespeichert in:
Bibliographische Detailangaben
Format: Schriftenreihe
Sprache:Polnisch
Veröffentlicht: Poznań Wydawnictwo naukowe UAM 2009
Schlagworte:
Tags: Tag hinzufügen
Keine Tags, Fügen Sie das erste Tag hinzu!

MARC

LEADER 00000nas2a2200000 4500
001 0164954
005 20130205100112.7
022 |a 0035-9629 
041 0 |a pol 
044 |a PL 
245 1 0 |a Ruch prawniczy, ekonomiczny i socjologiczny 
264 1 |a Poznań  |b Wydawnictwo naukowe UAM  |c 2009 
773 0 |w eu_un_cat*s120218 
610 2 0 |a vedy spoločenské